000 01342nam2a2200361 4500
001 RU\NLR\DIGIT\106853
005 20250806203840.0
035 _a(NLR Aleph) 010164976
090 _a61127
_c61127
100 _a20250806 rusy50
101 0 _arus
102 _aRU
135 _acrbn 001aaada
200 1 _a1945, № 37(1148) (1 сент.)
210 _d1945
215 _a4 с.
325 _aКопия доступна в Электрон. б-ке РНБ http://vivaldi.nlr.ru/pn000011610/view
461 0 _1001RU\NLR\DIGIT\105749
_12001#$v1945, № 37(1148) (1 сент.)$aЛитературная газета
610 0 _aЛитературная газета - 1945
702 1 _aСурков
_bА.
_4340
702 1 _aГорбатов
_bБ.
_4340
801 2 _aRU
_bNLR
_c20110411
_2rusmarc
852 _aNLR
_jМ 341
_pС 3486
856 0 _uhttp://vivaldi.nlr.ru/pn000011610/view
856 1 _uhttp://vivaldi.nlr.ru/pn000011610/cover
856 2 _uhttp://vivaldi.nlr.ru/pn000011610/text
942 _cISSNP
945 _aРоссийская национальная библиотека
980 _aNB
980 _aBV
981 3 6 _a(36) Цифровой репозиторий РНБ
981 2 7 _a(27) Периодические издания
_b(27) Газеты